Les Chanteurs Francophones des années 2000 - Statistiques

Statistiques générales
  • Ce quiz a été pris 363 fois
  • Le résultat moyen est 13 sur 20
Statistiques - réponses
Par images Réponse % Correct
Matthieu Chedid | M
97%
Matt Pokora
97%
Gregory Lemarchal
95%
Mika
95%
Jenifer
94%
Amel Bent
93%
Calogero
90%
Christophe Maé
90%
Christophe Willem
88%
Lorie
86%
Alizée
83%
Nolwenn Leroy
82%
Gregoire
81%
Shy’m
74%
Zaho
71%
Bénabar
70%
Chimène Badi
69%
Emmanuel Moire
69%
Sheryfa Luna
68%
Anggun
67%
Camélia Jordana
63%
Renan Luce
63%
Corneille
62%
Kamini
58%
Natasha St Pier
57%
Élodie Frégé
53%
Jena Lee
52%
K.Maro
50%
Olivia Ruiz
50%
Lââm
48%
Nadiya
42%
Priscilla Betti
42%
Amine
41%
Faudel
40%
Emma Daumas
35%
Kenza Farah
29%
Tina Arena
29%
Leslie
24%
Matt Houston
14%
Singuila
7%
Aucun quiz correspondant
Distribution des résultats
% des personnes avec chaque résultat
Percentile par nombre de réponses
Votre historique - résultats
Vous n’avez pas pris ce quiz